000
00307nam a2200109Ia 4500
008
200302s9999 xx 000 0 und d
100
_a
Florian Afflerbach
245
_a
Basics Fundamentals of Presentation Freehand Drawing
260
_b
Birkhauser Publlisher for Architecture
260
_c
2014
300
_a
92 P
999
_c
4242
_d
4242